kpop song 2023 - Statistics

General Stats
  • This quiz has been taken 405 times
    302 since last reset
  • The average score is 49 of 365
Answer Stats
Hint Answer % Correct
ONEW O(Circle)
78%
Seventeen Super
69%
aespa Drama
64%
IKON U
64%
Newjeans Super Shy
57%
(G)I-DLE Queencard
55%
LE SSERAFIM Unforgiven
55%
Jungkook Seven
54%
ENHYPEN Bite Me
53%
IVE I Am
51%
Zion.T(ft. AKMU) V (Peace)
50%
Stray Kids LALALALA
49%
Stray KIds S-Class
49%
aespa Spicy
49%
BLACKPINK THE GIRLS
49%
RIIZE Get A Guitar
48%
BABYMONSTER BATTER UP
47%
Newjeans Ditto
46%
JungKook(ft. Jack Harlow) 3D
45%
Newjeans OMG
45%
ADYA Per
45%
Newjeans ETA
44%
JImin Set Me Free Pt2
44%
JIHYO Killin' Me Good
43%
Jeon Somi Fast Forward
42%
ZEROBASEONE In Bloom
41%
ATEEZ Bouncy
40%
NMIXX Love Me Like This
40%
KAI Rover
40%
Newjeans New Jeans
39%
IVE Baddie
38%
ITZY Cake
38%
KISS OF LIFE Shhh
38%
ENHYPEN Sweet Venom
38%
Newjeans ASAP
37%
JungKook Standing Next to You
37%
Jisoo Flower
36%
STAYC Teddy Bear
36%
BOYNEXTDOOR One and Only
35%
ENHYPEN One And Only
35%
STAYC Bubble
34%
TXT Sugar Rush Ride
34%
TAEMIN Guilty
33%
Jimin Like Crazy
33%
VIVIZ MANIAC
33%
FIFTY FIFTY Cupid
32%
EVERGLOW SLAY
32%
Stray Kids(ft. Tiger JK) Topline
32%
KISS OF LIFE Bad News
31%
Red Velvet Chill Kill
31%
MISAMO Do Not Touch
31%
IVE Kitsch
31%
XG Shooting Star
31%
JENNIE You & Me
31%
aespa Better Things
30%
Twice(japan) Hare Hare
30%
LE SSERAFIM Perfect Night
30%
AKMU Love Lee
29%
GOT The Beat Stamp On It
29%
(G)I-DLE I Do
28%
LEE CHAE YEON Knock
28%
SOYEON, WINTER, LIZ NOBODY
28%
Taeyang(ft. Jimin) Vibe
28%
Newjeans Cool With You
27%
XG Left Right
27%
NCT DoJaeJung Perfume
27%
VCHA Y.O.Universe
27%
(G)I-DLE Allergy
26%
TXT Chasing That Feeling
26%
TXT & Jonas Brother Do It Like That
26%
NCT 127 Fact Check
26%
ITZY(Japan) RINGO
26%
ZEROBASEONE CRUSH
25%
LE SSERAFIM Eve, Psyche And The Bluebeard's Wife
25%
SEVENTEEN God Of Music
25%
NMIXX RollerCoaster
25%
YEJI(ITZY) Crown On My Head
24%
BSS(ft. Lee Young Ji) Fighting
24%
KARD Icky
24%
TREASURE(T5) Move
24%
NMIXX Soñar (Breaker)
24%
NMIXX Young, Dumb, Stupid
24%
NCT U Baggy Jeans
23%
ATEEZ Crazy Form
23%
EXO Cream Soda
23%
Kep1er Giddy
23%
SHINEE Hard
23%
Twice Moonlight Sunrise
23%
SOOJIN AGASSY
22%
NMIXX Party O'Clock
22%
YUQI, Alan Walker, JVKE Fire!
21%
tripleS Rising
21%
Taeyang(ft. LISA) Shoong!
21%
ITZY BORN TO BE
20%
Kep1er Galileo
20%
Agust D Haegeum
20%
MAVE: Pandora
20%
BOYNEXTDOOR Serenade
20%
P1HARMONY Siren
20%
YENA(ft. YUQI) Hate Rodrigo
19%
P1HARMONY Jump
19%
YOUNG POSSE MACARONI CHEESE
19%
RYUJIN(ITZY) Run Away
19%
V Slow Dancing
19%
Treasure Bona Bona
18%
IVE Either Way
18%
NewJeans GODS
18%
CHAERYEONG(ITZY) Mine
18%
IVE Off The Record
18%
TAEYONG Shalala
18%
RIIZE Talk Saxy
18%
xikers Tricky House
18%
IVE(japan) Wave
18%
YUNA(ITZY) Yet, but
18%
Jun Psycho
17%
BOYNETDOOR But I Like You
16%
STAYC Poppy
16%
Purple Kiss Sweet Juice
16%
BABYMONSTER Dream
15%
tripleS AAA Generation
15%
tripleS LOVElution Girls' Capitalism
15%
JEON SOMI Gold Gold Gold
15%
V Love Me Again
15%
j-hope & J.Cole On The Street
15%
V Rainy Days
15%
ENHYPEN Sacrifice
15%
aespa Welcome To MY World
15%
Rocket Punch BOOM
14%
CHUU Howl
14%
MISAMO Marshmallow
14%
RIIZE Memories
14%
fromis_9 #menow
14%
XG PUPPET SHOW
14%
VCHA Ready for the World
14%
XG TGIF
14%
XG NEW DANCE
13%
Dynamic Duo & Lee Young Ji Smoke
13%
BTS Take Two
13%
CHUU Underwater
13%
ITZY Bet On Me
12%
NCT Dream Broken Melodies
12%
BLACKSWAN | PIXY Karma
12%
Agust D(ft. IU) People Pt2
12%
Stray Kids(Japan) Super Bowl
12%
TAEYEON To. X
12%
THE BOYZ WATCH IT
12%
Billlie DANG! (hocus pocus)
11%
ATEEZ Halazia
11%
THE BOYZ Lip Gloss
11%
Agust D Amygdala
10%
Dreamcatcher Bonvoyage
10%
EL7Z UP CHEEKY
10%
HWASA Chili
10%
aespa Hold On Tight
10%
HUH YUNJIN I#DOLL
10%
YENA(ft. BE'O) Love War
10%
Loossemble Sensitive
10%
Zion.T Stranger
10%
SUNMI STRANGER
10%
KWON EUN BI | Kwon Eunbi The Flash
10%
Odd Eye Circle Air Force One
9%
&TEAM Firework
9%
EVNNE TROUBLE
9%
tripleS +(KR)ystal Eyes Cherry Talk
8%
Billlie BYOB (bring your own best friend)
8%
Xdinary Heroes Freakin' Bad
8%
XG GRL GVNG
8%
NiziU HEARTRIS
8%
tripleS EVOLution Invincible
8%
LEE CHAE YEON LET'S DANCE
8%
STAYC(Japan) LIT
8%
ZEROBASEONE MELTING POINT
8%
ITZY None Of My Business
8%
aespa Salty & Sweet
8%
PURPLE KISS 7HEAVEN
7%
NCT 127 Ay-yo
7%
Xdinary Heroes Break the Brake
7%
JINI(Ft. Aminé) C'mon
7%
TXT Devil By TheWindow
7%
xikers Do Or Die
7%
WayV On My Youth
7%
VIVIZ Pull Up
7%
tripleS +(KR)ystal Eyes Touch
7%
Weeekly VROOM VROOM
7%
&TEAM War Cry
7%
MONSTA X Beautiful Liar
6%
NINE to CIX Don't Call me
6%
TVXQ! Down
6%
MARK Golden Hour
6%
BOYSPLANET Here I Am
6%
BLITZERS Macarena
6%
Mijoo Movie Star
6%
Dreamcatcher OOTD
6%
TVXQ! Rebel
6%
THE BOYZ Roar
6%
xikers Rockstar
6%
H1-KEY Rose Blossom
6%
KANG DANIEL SOS
6%
SHINee The Feeling
6%
aespa Thirsty
6%
8TURN Tic Tac
6%
KIM SEJEONG Top or Cliff
6%
DINO Wait
6%
BOYNEXTDOOR ABCDLOVE
5%
Billlie Eunoia
5%
NCT 2023 Golden Age
5%
Kep1er(Japan) Grand Prix
5%
CRAVITY Groovy
5%
Dreamnote Lemonade
5%
TNX Love Or Die
5%
BE'O MAD
5%
AMPERS&ONE On And On
5%
BANG YEDAM Only One
5%
HYO Picture
5%
Cherry Bullet P.O.W
5%
H1-KEY SEOUL (Such a Beautiful City)
5%
SECRET NUMBER Starlight
5%
Jo Yuri TAXI
5%
MAVE: What's My Name
5%
HeeJin Algorithm
4%
Jimin Closer Than This
4%
SECRET NUMBER Doxa
4%
MAMAMOO+ GGBB
4%
EXO Hear Me Out
4%
LIGHTSUM Honey or Spice
4%
SHINEE Juice
4%
tripleS NXT Just Do It
4%
TNX Kick It 4 Now
4%
KEY Killer
4%
EXO Let Me In
4%
HUH YUN JIN love you twice
4%
Oh My Girl Summer Comes
4%
BIBI & Becky G Amigos
3%
VIXX Amnesia
3%
WOODZ AMNESIA
3%
NCT Dream(japan) Best Friend Ever
3%
Mamamoo+ dangdang
3%
TEMPEST Dangerous
3%
ONEUS Erase Me
3%
Weeekly Good Day(Special Daileee)
3%
Kep1er(japan) I Do! DO you?
3%
CRAVITY MEGAPHONE
3%
tripleS New Look
3%
BBGIRLS One More Time
3%
WayV Phantom
3%
Dreamcatcher Reason
3%
CSR Shining Bright
3%
So!YoON(ft. RM) Smoke Sprite
3%
cignature Smooth Sailing
3%
IKON Tantara
3%
Swan(Purple Kiss) Twenty
3%
KIM SEJEONG Voyage
3%
TRI.BE We Are Young
3%
The Wind We Go
3%
XG WINTER WITHOUT YOU
3%
ICHILLIN' Alarm
2%
cignature Aurora
2%
Weeekly Backwards
2%
JESSICA BEEP BEEP
2%
J.Y. Park Changed Man
2%
YEEUN Cherry Coke
2%
NCT 127 Dj
2%
&TEAM Dropkick
2%
Sandara Park Festival
2%
JOOHONEY Freedom
2%
CHANYEOL Good Enough
2%
NCT NEW TEAM Hands Up
2%
Jaehyun Horizon
2%
Whee In In The Mood
2%
WOODZ Journey
2%
AB6IX Loser
2%
MOONBIN&SANHA Madness
2%
JUST B MEDUSA
2%
TRENDZ New Dayz
2%
LE SSERAFIM No-Return
2%
CRAXY Nugudom
2%
SF9 Puzzle
2%
Taeyang Seed
2%
ALICE Show Down
2%
Bam Bam Sour & Sweet
2%
EPEX Sunshower
2%
ILY:1 To My Boyfriend
2%
ILY:1 Twinkle Twinkle
2%
YOUNITE Waterfall
2%
Lapilus Who's Next
2%
BTOB Wind And Wish
2%
The Rose You're Beautiful
2%
WHIB BANG!
1%
MAMAMOO+ Chico Malo
1%
VAV Designer
1%
DEAN DIE 4 YOU
1%
APINK D N D
1%
8TURN Excel
1%
Seventeen F*ck My LIfe
1%
Golden Child Feel me
1%
JESSICA(Ft. Amber Liu) Get it? Got it? Good
1%
LIMELIGHT Honestly
1%
BIG Naughty(ft.B.I, Bang Yedam) INFJ
1%
NCT Dream ISFJ
1%
YoungK let it be summer
1%
BM Lowkey
1%
Kim Jae Hwan Lucky
1%
TOZ Magic Hour
1%
ILY:1 My Color
1%
INFINITE New Emotions
1%
Loco(ft. Minnie) NOT OK
1%
Lee Mu JIn Ordinary Confession
1%
WEi OverDrive
1%
Lee Gi Kwang Predator
1%
KANG DANIEL(Japan) RE8EL
1%
SORN(ft. Seungyeon) Rowdy
1%
CIX Save Me, Kill Me
1%
PICK-CAT / Athena Snap
1%
Kim Jae Hwan Spring Breeze
1%
JO1 Tiger
1%
H1-KEY Time to Shine
1%
Zion.T UNLOVE(prod. HONNE)
1%
(G)I-DLE Want That
1%
BAEKHO(ft. Jiwon of Fromis_9) What are we
1%
DKB What The Hell
1%
LUN8 Wild Heart
1%
YUJU Without U
1%
KARD Without You
1%
Soyou(ft. Bora) Aloha
0%
ARTBEAT Aphrodite
0%
DAVICHI A very personal story
0%
Yerin(ex-GFRIEND) Bambambam
0%
Yerin Baek Big World
0%
PURPLE KISS Biscuit
0%
PARK JIHOON Black Effect
0%
PICK on the top/ DROP The Beat Charismatic
0%
Jackson Wang Cheetah
0%
VERIVERY Crazy Like That
0%
YUJU DALALA
0%
Paul Kim Don't be mad
0%
Eric Nam Don't Leave Yet
0%
Kim Do Ah Dream Walking
0%
Lee Sung Kyung, Lee Chan Hyuk Eat Sleep Live Repeat
0%
BOL4 Eternal Love
0%
TEEN TOP Hweek
0%
The Wind Island
0%
CHEN Light Of My life
0%
KWON EUNBI(ft. Paul Blanco) Like Heaven
0%
ONF Love Effect
0%
HORI7ON Lovey Dovey
0%
Nicole Mysterious
0%
ATBO Next To Me
0%
MCND ODD-VENTUR
0%
IKON PANORAMA
0%
Stray Kids Party's Not Over
0%
Ren Ready To Move
0%
ZICO Seoul Drift
0%
DRIPPIN Seven Sins
0%
HORI7ON Six7een
0%
UKISS The Wonderful Escape
0%
PARK WOO JIN Top Tier
0%
JO1 Trigger
0%
NINE.i Turn It Off
0%
U-KNOW Vuja De
0%
Jay Park Yesterday
0%
No matching quizzes found
Score Distribution
Percent of People with Each Score
Percentile by Number Answered
Your Score History
You have not taken this quiz since the last reset